000 01097cam a2200301 a 4500
999 _c5108
_d5108
001 16982870
003 OSt
005 20250618104506.0
008 110929s2013 nyu c 000 1 eng
010 _a 2011029775
020 _a9781442444102 (pbk)
040 _aDLC
_cDLC
_dDLC
_dKH8
042 _alcac
_apcc
082 _aFIC HEA
100 1 _aO'Hearn, Kate,
_eauthor.
240 1 0 _aPegasus and the flame
245 1 0 _aPegasus :
_bthe flame of Olympus /
_cKate O'Hearn.
250 _aFirst Aladdin paperback ed.
260 _aNew York :
_bAladdin,
_c2013.
300 _a387 p. ;
_c20 cm.
490 0 _aPegasus ;
_vbk 1
520 _aThirteen-year-old Emily's life is transformed when Pegasus, the mythological winged horse, crashes onto the roof of her building during a New York City blackout and takes her to Olympus where she faces monsters, a corrupt governmental agency, and the quest to keep the Olympic flame burning.
521 1 _aAges 8-12.
650 1 _aPegasus (Greek mythology)
_vFiction.
650 1 _aGreek mythology
_vFiction.
650 1 _aFantasy.
942 _2ddc
_cFIC